000 00339nam a2200145Ia 4500
008 230718s9999 xx 000 0 und d
041 _aEng.
082 _a343.005
_bSOA-P
100 _aSoares, Patrick
245 0 _aParadise beneath ther
260 _aPakistan
_bSweel and Maxwell
_c2001
300 _a530
650 _aLaw
999 _c26383
_d26383